<?xml version="1.0" encoding="UTF-8"?>
<record
    xmlns:xsi="http://www.w3.org/2001/XMLSchema-instance"
    xsi:schemaLocation="http://www.loc.gov/MARC21/slim http://www.loc.gov/standards/marcxml/schema/MARC21slim.xsd"
    xmlns="http://www.loc.gov/MARC21/slim">

  <leader>00838nam a22002297a 4500</leader>
  <controlfield tag="003">UA-OsUOA</controlfield>
  <controlfield tag="001"> 48603 </controlfield>
  <controlfield tag="007">ta</controlfield>
  <controlfield tag="008">20130607b un ||||| |||| 00| 0 ukr d</controlfield>
  <datafield tag="090" ind1=" " ind2=" ">
    <subfield code="a">082/902</subfield>
    <subfield code="b">&#x422;67</subfield>
  </datafield>
  <datafield tag="942" ind1=" " ind2=" ">
    <subfield code="c">BK</subfield>
  </datafield>
  <datafield tag="040" ind1=" " ind2=" ">
    <subfield code="a">UA-OsUOA</subfield>
    <subfield code="b">ukr</subfield>
    <subfield code="c">UA-OsUOA</subfield>
    <subfield code="d">UA-OsUOA</subfield>
  </datafield>
  <datafield tag="245" ind1=" " ind2=" ">
    <subfield code="a">&#x422;&#x440;&#x438;&#x43F;&#x456;&#x43B;&#x44C;&#x441;&#x44C;&#x43A;&#x430; &#x43A;&#x443;&#x43B;&#x44C;&#x442;&#x443;&#x440;&#x430;. &#x41F;&#x43E;&#x448;&#x443;&#x43A;&#x438;. &#x412;&#x456;&#x434;&#x43A;&#x440;&#x438;&#x442;&#x442;&#x44F;. &#x421;&#x432;&#x456;&#x442;&#x43E;&#x432;&#x438;&#x439; &#x43A;&#x43E;&#x43D;&#x442;&#x435;&#x43A;&#x441;&#x442; (&#x414;&#x43E; 100-&#x440;&#x456;&#x447;&#x447;&#x44F; &#x432;&#x456;&#x434; &#x434;&#x43D;&#x44F; &#x43D;&#x430;&#x440;&#x43E;&#x434;&#x436;&#x435;&#x43D;&#x43D;&#x44F; &#x41E;. &#x41E;&#x43B;&#x44C;&#x436;&#x438;&#x447;&#x430;): &#x417;&#x431;&#x456;&#x440;&#x43A;&#x430; &#x43D;&#x430;&#x443;&#x43A;&#x43E;&#x432;&#x438;&#x445; &#x43F;&#x440;&#x430;&#x446;&#x44C;</subfield>
  </datafield>
  <datafield tag="300" ind1=" " ind2=" ">
    <subfield code="a">168 &#x441;.</subfield>
  </datafield>
  <datafield tag="955" ind1=" " ind2=" ">
    <subfield code="a">1</subfield>
  </datafield>
  <datafield tag="041" ind1=" " ind2=" ">
    <subfield code="a">ukr</subfield>
  </datafield>
  <datafield tag="080" ind1=" " ind2=" ">
    <subfield code="a">082/902</subfield>
  </datafield>
  <datafield tag="260" ind1=" " ind2=" ">
    <subfield code="a">&#x41A;.</subfield>
    <subfield code="b">&#x421;&#x43F;&#x430;&#x434;&#x449;&#x438;&#x43D;&#x430;</subfield>
    <subfield code="c">2007</subfield>
  </datafield>
  <datafield tag="650" ind1=" " ind2="7">
    <subfield code="a">08 &#x412;&#x438;&#x434;&#x430;&#x43D;&#x43D;&#x44F;. &#x41A;&#x43E;&#x43B;&#x435;&#x43A;&#x442;&#x438;&#x432;&#x43D;&#x456; &#x43F;&#x440;&#x430;&#x446;&#x456;</subfield>
    <subfield code="2">UDC</subfield>
  </datafield>
  <datafield tag="999" ind1=" " ind2=" ">
    <subfield code="c">428731</subfield>
    <subfield code="d">428731</subfield>
  </datafield>
  <datafield tag="952" ind1=" " ind2=" ">
    <subfield code="0">0</subfield>
    <subfield code="1">0</subfield>
    <subfield code="2">udc</subfield>
    <subfield code="4">0</subfield>
    <subfield code="7">0</subfield>
    <subfield code="a">300</subfield>
    <subfield code="b">300</subfield>
    <subfield code="d">2013-06-07</subfield>
    <subfield code="e">293/2012</subfield>
    <subfield code="g">1.00</subfield>
    <subfield code="i">2134556</subfield>
    <subfield code="l">0</subfield>
    <subfield code="o">082/902 &#x422;67</subfield>
    <subfield code="p">2134556</subfield>
    <subfield code="r">2019-09-14 00:00:00</subfield>
    <subfield code="w">2013-06-07</subfield>
    <subfield code="y">BK</subfield>
  </datafield>
</record>
